<?xml version="1.0" encoding="UTF-8"?>
<marc:record xmlns:marc="http://www.loc.gov/MARC21/slim">
   <marc:leader>00000nam a2200000 a 4500</marc:leader>
   <marc:datafield ind1="1" ind2=" " tag="100">
      <marc:subfield code="a">Brand, Christine</marc:subfield>
      <marc:subfield code="4">aut</marc:subfield>
      <marc:subfield code="e">Verfasser/-in</marc:subfield>
   </marc:datafield>
   <marc:datafield ind1=" " ind2=" " tag="653">
      <marc:subfield code="a">Fiktionale Darstellung</marc:subfield>
   </marc:datafield>
   <marc:datafield ind1=" " ind2=" " tag="653">
      <marc:subfield code="a">Krimis, Thriller, Spionage</marc:subfield>
   </marc:datafield>
   <marc:datafield ind1=" " ind2=" " tag="653">
      <marc:subfield code="a">Spannung</marc:subfield>
   </marc:datafield>
   <marc:datafield ind1=" " ind2=" " tag="653">
      <marc:subfield code="a">Krimi Reihe</marc:subfield>
   </marc:datafield>
   <marc:datafield ind1=" " ind2=" " tag="653">
      <marc:subfield code="a">schweizer Krimi</marc:subfield>
   </marc:datafield>
   <marc:datafield ind1=" " ind2=" " tag="653">
      <marc:subfield code="a">Milla Nova und Sandro Bandini 1</marc:subfield>
   </marc:datafield>
   <marc:datafield ind1="0" ind2="0" tag="245">
      <marc:subfield code="a">Milla Nova und Sandro Bandini 1: Blind</marc:subfield>
   </marc:datafield>
   <marc:datafield ind1="0" ind2="0" tag="245">
      <marc:subfield code="b">Kriminalroman</marc:subfield>
   </marc:datafield>
   <marc:datafield ind1="0" ind2="0" tag="245">
      <marc:subfield code="c">Brand, Christine</marc:subfield>
   </marc:datafield>
   <marc:datafield ind1=" " ind2="1" tag="264">
      <marc:subfield code="a">München</marc:subfield>
      <marc:subfield code="b">Blanvalet</marc:subfield>
      <marc:subfield code="c">2020</marc:subfield>
   </marc:datafield>
   <marc:datafield ind1=" " ind2=" " tag="250">
      <marc:subfield code="a">1. Auflage, Taschenbuchausgabe</marc:subfield>
   </marc:datafield>
   <marc:datafield ind1="1" ind2=" " tag="520">
      <marc:subfield code="a">Milla Nova und Sandro Bandini 1&#xD;
&#xD;
»Eine genial spannende Idee meisterhaft umgesetzt. Krimikunst vom Feinsten!« Sebastian Fitzek&#xD;
&#xD;
Nathaniel hört einen Schrei, dann bricht die Verbindung ab. Gerade noch telefonierte er mit einer Frau. Eine anonyme App verband die beiden, die Frau half Nathaniel dabei, das richtige Hemd zu wählen, denn Nathaniel ist blind. Doch der Schrei klang eindeutig. Was, wenn der Frau etwas angetan wurde? Er ist sich sicher: Es muss ein Verbrechen sein. Doch keiner glaubt ihm, es gibt keine Beweise, keine Spur. Gemeinsam mit einer Freundin, der Journalistin Milla, macht sich Nathaniel selbst auf die Suche nach der Wahrheit. Er ahnt nicht, dass er für die fremde Frau die einzige Chance sein könnte – oder ihr Untergang ...Ihnen gefallen die Milla-Nova-Krimis? Dann lesen Sie auch »Vermisst - Der Fall Anna«, Auftakt der neuen packenden Cold-Case-Reihe – inspiriert von wahren Begebenheiten, abgründig und nervenzerreißend spannend.&#xD;
Ihnen gefallen die Milla-Nova-Krimis? Dann lesen Sie auch »Vermisst - Der Fall Anna«, Auftakt der neuen packenden Cold-Case-Reihe – inspiriert von wahren Begebenheiten, abgründig und nervenzerreißend spannend.</marc:subfield>
   </marc:datafield>
   <marc:datafield ind1=" " ind2=" " tag="020">
      <marc:subfield code="a">9783734106200</marc:subfield>
      <marc:subfield code="9">9783734106200</marc:subfield>
   </marc:datafield>
   <marc:datafield ind1=" " ind2=" " tag="020">
      <marc:subfield code="a">3734106206</marc:subfield>
      <marc:subfield code="9">3734106206</marc:subfield>
   </marc:datafield>
   <marc:datafield ind1=" " ind2=" " tag="041">
      <marc:subfield code="a">ger</marc:subfield>
   </marc:datafield>
   <marc:datafield ind1=" " ind2=" " tag="338">
      <marc:subfield code="a">Band</marc:subfield>
   </marc:datafield>
   <marc:datafield ind1=" " ind2=" " tag="300">
      <marc:subfield code="a">446 Seiten</marc:subfield>
   </marc:datafield>
</marc:record>
